000 nam a22 7a 4500
999 _c329371
_d329371
003 Nust
005 20171109115247.0
008 170504b xxu||||| |||| 00| 0 eng d
020 _a9694163420
040 _cNust
041 _heng
082 _a891.43915
_bAZA
100 _aAzam, Ikram
_96262
245 _aIqbal the Islamic futurist /
_cIkram Azam
250 _a2nd ed.
260 _aLahore:
_bIqbal academy,
_c2004
300 _a139 p.
650 _aIslamic futurist
_96263
942 _2ddc
_cBK